Culture Générale - Série 2287 - Statistiques

Statistiques générales
  • Ce quiz a été pris 123 fois
  • Le résultat moyen est 5 sur 10
Statistiques - réponses
Question Réponse % Correct
Comment appelle-t-on un triangle qui a deux côtés égaux ? isocèle
92%
Dans quel sport peut-on faire un "ace" ? tennis
92%
Qui a écrit le roman "L'étranger" en 1942 ? prénom et nom Albert Camus
86%
Qu'est-ce que la "crapette" ? jeu de cartes
73%
Quelle confiserie est la spécialité de la deuxième plus grande ville de la Drôme ? nougat
61%
Quel peintre français est mort aux îles Marquise en 1903 ? prénom et nom Paul Gauguin
54%
Qui a réalisé le film "Taxi driver" en 1976 ? prénom et nom - voir photo Martin Scorsese
43%
Qui a composé la symphonie fantastique en 1830 ? prénom et nom Hector Berlioz
22%
Aux échecs, coup qui consiste, en début de partie, à sacrifier une pièce pour gagner un avantage en position. (Il s'agit le plus souvent du sacrifice du pion du roi ou de la reine.) gambit
11%
Trouvez le mot manquant du proverbe "Quand le vin entre, la ------- sort" raison
10%
Aucun quiz correspondant
Distribution des résultats
% des personnes avec chaque résultat
Percentile par nombre de réponses
Votre historique - résultats
Vous n’avez pas pris ce quiz